| 000 | 01330nam a22002897a 4500 | ||
|---|---|---|---|
| 001 | 955 | ||
| 005 | 20241105080946.0 | ||
| 020 | _a9781407110356 (kit) | ||
| 040 |
_aDLC _beng _erda _cDLC |
||
| 050 | 0 | 0 |
_aQ180.2 _bA76 2009 |
| 082 | _a612.3 | ||
| 100 | 1 |
_aArnold, Nick, _eauthor. |
|
| 245 | 1 | 0 |
_aHorrible science: _bDisgusting digestion / |
| 250 | _aThis edition published 2008. | ||
| 260 |
_aLondon : _bScholastic, _c2008. |
||
| 300 |
_a171 pages : _billustrations ; _c20 cm. |
||
| 500 | _aTitle, Horrible science, is in each volume and on each side of case and case bottom. Various phrases are on case top and sides, e.g., Bulging box of books, 20 brilliant books in one bulging box, and Science with the squishy bits left in! | ||
| 505 | 0 | _aW | |
| 520 |
_aThis is one in an award-winning series of books that reveal revolting scientific facts. Among the facts revealed here are - how much pee one's bladder can hold without popping and why astronauts can't eat beans before a space flight. _cSource other than Library of Congress. |
||
| 521 |
_a860
_bLexile |
||
| 521 |
_aW _bRaz-Plus |
||
| 650 | 0 |
_aScience _vJuvenile literature. |
|
| 650 | 0 |
_aScience _xStudy and teaching (Primary) |
|
| 700 | 1 |
_aDe Saulles, Tony, _eillustrator. |
|
| 906 |
_a7 _bcbc _corigres _d2 _encip _f20 _gy-gencatlg |
||
| 942 |
_2ddc _cBK _n0 |
||
| 999 |
_c955 _d955 |
||